<?xml version="1.0" encoding="UTF-8"?>
<record
    xmlns:xsi="http://www.w3.org/2001/XMLSchema-instance"
    xsi:schemaLocation="http://www.loc.gov/MARC21/slim http://www.loc.gov/standards/marcxml/schema/MARC21slim.xsd"
    xmlns="http://www.loc.gov/MARC21/slim">

  <leader>00596nam a22001817a 4500</leader>
  <controlfield tag="003">OSt</controlfield>
  <controlfield tag="005">20150408114141.0</controlfield>
  <controlfield tag="008">130925s    2011su ||||g |||| 00| 0 ara d</controlfield>
  <datafield tag="020" ind1=" " ind2=" ">
    <subfield code="a">9789960549866</subfield>
  </datafield>
  <datafield tag="040" ind1=" " ind2=" ">
    <subfield code="a">Mau</subfield>
  </datafield>
  <datafield tag="082" ind1=" " ind2=" ">
    <subfield code="a">658.314 </subfield>
    <subfield code="b">&#x62A; &#x645; &#x62A;</subfield>
  </datafield>
  <datafield tag="245" ind1=" " ind2=" ">
    <subfield code="a">&#x62A;&#x62D;&#x641;&#x64A;&#x632; &#x627;&#x644;&#x645;&#x648;&#x638;&#x641;&#x64A;&#x646; &#x644;&#x644;&#x62D;&#x635;&#x648;&#x644; &#x639;&#x644;&#x64A; &#x623;&#x62F;&#x627;&#x621; &#x623;&#x641;&#x636;&#x644; /</subfield>
    <subfield code="c">&#x646;&#x642;&#x644;&#x62A;&#x647; &#x644;&#x644;&#x639;&#x631;&#x628;&#x64A;&#x629; &#x633;&#x644;&#x645;&#x64A; &#x627;&#x644;&#x645;&#x642;&#x62F;&#x627;&#x62F;&#x64A;</subfield>
  </datafield>
  <datafield tag="260" ind1=" " ind2=" ">
    <subfield code="a">&#x627;&#x644;&#x631;&#x64A;&#x627;&#x636; :</subfield>
    <subfield code="b">&#x627;&#x644;&#x639;&#x628;&#x64A;&#x643;&#x627;&#x646; &#x644;&#x644;&#x646;&#x634;&#x631;&#x60C;</subfield>
    <subfield code="c">2011 1432</subfield>
  </datafield>
  <datafield tag="300" ind1=" " ind2=" ">
    <subfield code="a">212 &#x635;. &#x61B;</subfield>
    <subfield code="c">24 &#x633;&#x645;.</subfield>
  </datafield>
  <datafield tag="650" ind1=" " ind2=" ">
    <subfield code="a">&#x627;&#x644;&#x62D;&#x648;&#x627;&#x641;&#x632;</subfield>
    <subfield code="9">14830</subfield>
  </datafield>
  <datafield tag="650" ind1=" " ind2=" ">
    <subfield code="9">1667</subfield>
    <subfield code="a">&#x62A;&#x642;&#x64A;&#x64A;&#x645; &#x627;&#x644;&#x623;&#x62F;&#x627;&#x621;</subfield>
  </datafield>
  <datafield tag="942" ind1=" " ind2=" ">
    <subfield code="2">ddc</subfield>
    <subfield code="c">BOOK</subfield>
  </datafield>
  <datafield tag="999" ind1=" " ind2=" ">
    <subfield code="c">30916</subfield>
    <subfield code="d">265416</subfield>
  </datafield>
  <datafield tag="952" ind1=" " ind2=" ">
    <subfield code="1">0</subfield>
    <subfield code="2">2013-09-25</subfield>
    <subfield code="4">0</subfield>
    <subfield code="7">1</subfield>
    <subfield code="a">658.314  &#x62A; &#x645; &#x62A;</subfield>
    <subfield code="c">1</subfield>
    <subfield code="d">2013-09-25</subfield>
    <subfield code="h">CL</subfield>
    <subfield code="i">00308538</subfield>
    <subfield code="m">CL</subfield>
    <subfield code="r">2013-09-25 00:00:00</subfield>
    <subfield code="t">BOOK</subfield>
    <subfield code="w">ddc</subfield>
    <subfield code="y">0</subfield>
  </datafield>
  <datafield tag="952" ind1=" " ind2=" ">
    <subfield code="1">0</subfield>
    <subfield code="2">2013-09-28</subfield>
    <subfield code="4">0</subfield>
    <subfield code="7">0</subfield>
    <subfield code="a">658.314  &#x62A; &#x645; &#x62A;</subfield>
    <subfield code="c">2</subfield>
    <subfield code="d">2013-09-28</subfield>
    <subfield code="h">CL</subfield>
    <subfield code="i">00308539</subfield>
    <subfield code="m">CL</subfield>
    <subfield code="q">2023-03-26</subfield>
    <subfield code="r">2023-06-12 00:00:00</subfield>
    <subfield code="t">BOOK</subfield>
    <subfield code="w">ddc</subfield>
    <subfield code="y">2</subfield>
  </datafield>
  <datafield tag="952" ind1=" " ind2=" ">
    <subfield code="1">0</subfield>
    <subfield code="2">2013-09-28</subfield>
    <subfield code="4">0</subfield>
    <subfield code="7">0</subfield>
    <subfield code="a">658.314  &#x62A; &#x645; &#x62A;</subfield>
    <subfield code="c">3</subfield>
    <subfield code="d">2013-09-28</subfield>
    <subfield code="h">CL</subfield>
    <subfield code="i">00308540</subfield>
    <subfield code="m">CL</subfield>
    <subfield code="r">2013-09-28 00:00:00</subfield>
    <subfield code="t">BOOK</subfield>
    <subfield code="w">ddc</subfield>
    <subfield code="y">0</subfield>
  </datafield>
  <datafield tag="952" ind1=" " ind2=" ">
    <subfield code="1">0</subfield>
    <subfield code="2">2013-09-28</subfield>
    <subfield code="4">0</subfield>
    <subfield code="7">1</subfield>
    <subfield code="a">658.314  &#x62A; &#x645; &#x62A;</subfield>
    <subfield code="c">1</subfield>
    <subfield code="d">2013-09-28</subfield>
    <subfield code="h">SZM</subfield>
    <subfield code="i">00308541</subfield>
    <subfield code="m">SZM</subfield>
    <subfield code="r">2013-09-28 00:00:00</subfield>
    <subfield code="t">BOOK</subfield>
    <subfield code="w">ddc</subfield>
    <subfield code="y">0</subfield>
  </datafield>
  <datafield tag="952" ind1=" " ind2=" ">
    <subfield code="1">0</subfield>
    <subfield code="2">2013-09-28</subfield>
    <subfield code="4">0</subfield>
    <subfield code="7">0</subfield>
    <subfield code="a">658.314  &#x62A; &#x645; &#x62A;</subfield>
    <subfield code="c">2</subfield>
    <subfield code="d">2013-09-28</subfield>
    <subfield code="h">SZM</subfield>
    <subfield code="i">00308542</subfield>
    <subfield code="m">SZM</subfield>
    <subfield code="q">2022-05-31</subfield>
    <subfield code="r">2022-08-31 00:00:00</subfield>
    <subfield code="t">BOOK</subfield>
    <subfield code="w">ddc</subfield>
    <subfield code="y">1</subfield>
  </datafield>
  <datafield tag="952" ind1=" " ind2=" ">
    <subfield code="1">0</subfield>
    <subfield code="2">2013-09-28</subfield>
    <subfield code="4">0</subfield>
    <subfield code="7">1</subfield>
    <subfield code="a">658.314  &#x62A; &#x645; &#x62A;</subfield>
    <subfield code="c">1</subfield>
    <subfield code="d">2013-09-28</subfield>
    <subfield code="h">SRF</subfield>
    <subfield code="i">00308544</subfield>
    <subfield code="m">SRF</subfield>
    <subfield code="q">2018-10-24</subfield>
    <subfield code="r">2018-10-29 00:00:00</subfield>
    <subfield code="t">BOOK</subfield>
    <subfield code="w">ddc</subfield>
    <subfield code="y">1</subfield>
  </datafield>
  <datafield tag="952" ind1=" " ind2=" ">
    <subfield code="1">0</subfield>
    <subfield code="2">2013-09-28</subfield>
    <subfield code="4">0</subfield>
    <subfield code="7">0</subfield>
    <subfield code="a">658.314  &#x62A; &#x645; &#x62A;</subfield>
    <subfield code="c">2</subfield>
    <subfield code="d">2013-09-28</subfield>
    <subfield code="h">SRF</subfield>
    <subfield code="i">00308545</subfield>
    <subfield code="m">SRF</subfield>
    <subfield code="r">2013-09-28 00:00:00</subfield>
    <subfield code="t">BOOK</subfield>
    <subfield code="w">ddc</subfield>
    <subfield code="y">0</subfield>
  </datafield>
  <datafield tag="952" ind1=" " ind2=" ">
    <subfield code="1">0</subfield>
    <subfield code="2">2013-09-28</subfield>
    <subfield code="4">0</subfield>
    <subfield code="7">1</subfield>
    <subfield code="a">658.314  &#x62A; &#x645; &#x62A;</subfield>
    <subfield code="c">1</subfield>
    <subfield code="d">2013-09-28</subfield>
    <subfield code="h">SRM</subfield>
    <subfield code="i">00308546</subfield>
    <subfield code="m">SRM</subfield>
    <subfield code="r">2013-09-28 00:00:00</subfield>
    <subfield code="t">BOOK</subfield>
    <subfield code="w">ddc</subfield>
    <subfield code="y">0</subfield>
  </datafield>
  <datafield tag="952" ind1=" " ind2=" ">
    <subfield code="1">0</subfield>
    <subfield code="2">2013-09-28</subfield>
    <subfield code="4">0</subfield>
    <subfield code="7">0</subfield>
    <subfield code="a">658.314  &#x62A; &#x645; &#x62A;</subfield>
    <subfield code="c">2</subfield>
    <subfield code="d">2013-09-28</subfield>
    <subfield code="h">SRM</subfield>
    <subfield code="i">00308547</subfield>
    <subfield code="m">SRM</subfield>
    <subfield code="r">2013-09-28 00:00:00</subfield>
    <subfield code="t">BOOK</subfield>
    <subfield code="w">ddc</subfield>
    <subfield code="y">0</subfield>
  </datafield>
  <datafield tag="952" ind1=" " ind2=" ">
    <subfield code="1">0</subfield>
    <subfield code="2">2013-09-28</subfield>
    <subfield code="4">0</subfield>
    <subfield code="7">1</subfield>
    <subfield code="a">658.314  &#x62A; &#x645; &#x62A;</subfield>
    <subfield code="c">1</subfield>
    <subfield code="d">2013-09-28</subfield>
    <subfield code="h">IC</subfield>
    <subfield code="i">00308548</subfield>
    <subfield code="m">IC</subfield>
    <subfield code="r">2013-09-28 00:00:00</subfield>
    <subfield code="t">BOOK</subfield>
    <subfield code="w">ddc</subfield>
    <subfield code="y">0</subfield>
  </datafield>
  <datafield tag="952" ind1=" " ind2=" ">
    <subfield code="1">0</subfield>
    <subfield code="2">2013-09-28</subfield>
    <subfield code="4">0</subfield>
    <subfield code="7">0</subfield>
    <subfield code="a">658.314  &#x62A; &#x645; &#x62A;</subfield>
    <subfield code="c">2</subfield>
    <subfield code="d">2013-09-28</subfield>
    <subfield code="h">IC</subfield>
    <subfield code="i">00308549</subfield>
    <subfield code="m">IC</subfield>
    <subfield code="r">2013-09-28 00:00:00</subfield>
    <subfield code="t">BOOK</subfield>
    <subfield code="w">ddc</subfield>
    <subfield code="y">0</subfield>
  </datafield>
</record>
